| 000 | 00644nam a2200217 i 4500 | ||
|---|---|---|---|
| 003 | DO-SdBNP | ||
| 005 | 20240621101015.0 | ||
| 007 | ta | ||
| 008 | 240621b1985 sp ||||| |||| 00| 0 spa d | ||
| 020 | _a8432230286 | ||
| 040 |
_aDO-SdBNP _bspa _cBNPHU _erda |
||
| 082 | 4 | _222 | |
| 100 |
_aGide, André, _d1869-1951 _95030 _eautor |
||
| 245 | 1 | 4 |
_aLos monederos falsos / _cAndré Gide ; traducción, Julio Gómez de la Serna |
| 264 |
_aEspaña : _bSeix Barral, _c1985. |
||
| 490 | _aBiblioteca de bolsillo | ||
| 590 | _aInventariado, 2024/BT | ||
| 700 |
_aGómez de la Serna, Julio, _etraductor _912818 |
||
| 910 | _aBtavárez | ||
| 942 |
_2ddc _cLBS1 |
||
| 999 |
_c56917 _d56917 |
||